Argentina National Football Team - Statistics

General Stats
  • This quiz has been taken 2,383 times
    1,068 since last reset
  • The average score is 9 of 17
Answer Stats
Goals Caps Player % Correct
115 196 Lionel Messi
100%
34 91 Diego Maradona
94%
31 145 Ángel Di María
86%
42 101 Sergio Agüero
75%
31 75 Gonzalo Higuaín
73%
56 78 Gabriel Batistuta
67%
3 147 Javier Mascherano
67%
36 75 Lautaro Martínez
65%
35 64 Hernán Crespo
55%
7 129 Nicolás Otamendi
55%
4 143 Javier Zanetti
52%
0 96 Sergio Romero
46%
11 106 Diego Simeone
20%
7 115 Roberto Ayala
19%
7 97 Oscar Ruggeri
10%
23 31 Guillermo Stábile
3%
24 25 Luis Artime
3%
No matching quizzes found
Score Distribution
Percent of People with Each Score
Percentile by Number Answered
Your Score History
You have not taken this quiz since the last reset